Harry Potter chapters all 's' words Quiz Stats

Quiz not verified by Sporcle

Challenge
Share
Tweet
Embed
Score 0/38 Timer 04:00
0 Plays Today
% Correct
Sorting
96.8%
Secrets
95.7%
Slytherin
95.7%
Sorting
95.7%
Snape's
95.7%
Secret
94.7%
Skeeter's
93.6%
Song
93.6%
Second
93.6%
Secret
93.6%
Secret
91.5%
Second
91.5%
St
91.5%
Secret
91.5%
Servant
90.4%
Silver
90.4%
Slughorn
89.4%
Slug
89.4%
Surprises
89.4%
% Correct
Seven
89.4%
Spinner's
88.3%
Silver
88.3%
Sectumsempra
88.3%
Struck
88.3%
Shell
88.3%
Snape
88.3%
Snake
87.2%
Snape's
86.2%
Seen
86.2%
Severus
86.2%
Snape
85.1%
Sacking
85.1%
Scoop
84%
Sluggish
84%
Seer
80.9%
Serpent
78.7%
Scar
77.7%
Sneak
75.5%

You're not logged in!

Compare scores with friends on all Sporcle quizzes.
Join for Free
OR
Log In

You Might Also Like...

Show Comments

Extras

Created Jun 10, 2017ReportNominate
Tags:Clickable Quiz, chapter, harry

Top Quizzes Today


Score Distribution

Your Account Isn't Verified!

In order to create a playlist on Sporcle, you need to verify the email address you used during registration. Go to your Sporcle Settings to finish the process.

Report this User

Report this user for behavior that violates our Community Guidelines.

Details: